[Event "Cracovia 2009"]
[Site "Krakow"]
[Date "2009.12.27"]
[Round "1.31"]
[White "Bartel, Michal"]
[Black "Wiewiora, Eneasz"]
[Result "1-0"]
[WhiteElo "2234"]
[BlackElo "2023"]
[PlyCount "119"]
[EventDate "2009.??.??"]

1. e4 e6 2. d4 d5 3. Nc3 Bb4 4. e5 c5 5. Bd2 Ne7 6. Nb5 Bxd2+ 7. Qxd2 O-O 8. c3
Nbc6 9. f4 cxd4 10. cxd4 f6 11. Nf3 fxe5 12. fxe5 Nf5 13. O-O-O Bd7 14. Bd3 Qa5
15. Qxa5 Nxa5 16. Bxf5 Rxf5 17. Nd6 Rff8 18. b3 b6 19. Kd2 h6 20. Rc1 Nc6 21.
Rc3 g5 22. h3 Rf4 23. Ke3 Raf8 24. Rhc1 g4 25. hxg4 Rxg4 26. R3c2 Rg7 27. a3 a5
28. Rh1 Kh7 29. Rf2 Rg3 30. Rh4 Rfg8 31. Nf7 R8g6 32. Kf4 Kg7 33. Nxh6 Rxf3+
34. Rxf3 Rxh6 35. Rg3+ Rg6 36. Rgh3 Kf7 37. Rh7+ Rg7 38. Ke3 Ne7 39. g4 Be8 40.
Kf4 Ng6+ 41. Kg5 Ne7+ 42. Kf4 Ng6+ 43. Ke3 Ne7 44. Rh1 Bb5 45. Rxg7+ Kxg7 46.
Rc1 Bc6 47. Kf4 Kg6 48. Rc3 Kf7 49. Kg5 a4 50. bxa4 Bxa4 51. Rc7 Be8 52. Rb7 b5
53. Rc7 Bc6 54. Kh6 Kf8 55. g5 Be8 56. Rxe7 Kxe7 57. g6 Kf8 58. Kh7 Bf7 59.
gxf7 Kxf7 60. Kh6 1-0

[Event "Cracovia 2009"]
[Site "Krakow"]
[Date "2009.12.27"]
[Round "1.32"]
[White "Motyl, Tomasz"]
[Black "Toma, Katarzyna"]
[Result "0-1"]
[WhiteElo "2022"]
[BlackElo "2233"]
[PlyCount "120"]
[EventDate "2009.??.??"]

1. e4 c5 2. Nc3 Nc6 3. g3 g6 4. Bg2 Bg7 5. d3 d6 6. f4 e6 7. Nf3 Nge7 8. Be3
Nd4 9. e5 Nef5 10. Bf2 O-O 11. exd6 Rb8 12. O-O Nxf3+ 13. Bxf3 b6 14. Rb1 Qxd6
15. Ne4 Qd7 16. Qd2 Bb7 17. Rbd1 Nd4 18. Bg2 f5 19. c3 Nb5 20. Ng5 Bxg2 21.
Kxg2 Qc6+ 22. Nf3 Rbd8 23. Be3 Rd6 24. Kf2 Rfd8 25. Ne5 Qb7 26. a4 Nc7 27. d4
cxd4 28. Bxd4 Ne8 29. Qe2 Nf6 30. Kg1 Ne4 31. Nf3 Bxd4+ 32. Rxd4 Rxd4 33. Nxd4
Qd5 34. Qb5 Kf7 35. Qxd5 Rxd5 36. Ra1 a5 37. Kf1 e5 38. fxe5 Rxe5 39. Rd1 Rd5
40. Ke2 Kf6 41. Ra1 g5 42. Kd3 Nf2+ 43. Ke2 Ng4 44. h3 Re5+ 45. Kd2 Nf2 46. h4
Ne4+ 47. Kd3 Nxg3 48. hxg5+ Kg6 49. Rg1 f4 50. b4 Re3+ 51. Kc4 Kxg5 52. Kb5
Rxc3 53. bxa5 bxa5 54. Ne6+ Kg4 55. Nxf4 Kxf4 56. Kxa5 h5 57. Kb6 Rb3+ 58. Kc6
Rc3+ 59. Kb5 h4 60. a5 h3 0-1

[Event "Cracovia 2009"]
[Site "Krakow"]
[Date "2009.12.27"]
[Round "1.34"]
[White "Goslawski, Michal"]
[Black "Rudnicki, Milosz"]
[Result "1-0"]
[WhiteElo "2021"]
[BlackElo "2221"]
[PlyCount "71"]
[EventDate "2009.??.??"]

1. Nf3 d5 2. d4 Nf6 3. c4 e6 4. g3 c6 5. Qc2 Be7 6. Bg2 O-O 7. O-O Ne4 8. b3
Nd7 9. Bb2 Rb8 10. Ne5 f5 11. Nd2 Nxe5 12. dxe5 Qb6 13. Nxe4 fxe4 14. Rad1 Bc5
15. e3 Rf7 16. Bh3 a6 17. cxd5 exd5 18. e6 Re7 19. Qc3 Bd6 20. a3 Qc7 21. f4
Bxe6 22. f5 Bd7 23. f6 Rf7 24. Bxd7 Qxd7 25. fxg7 Re8 26. Rxf7 Qxf7 27. Rf1 Qg6
28. Rf6 Qg4 29. Rxd6 Qd1+ 30. Kf2 Qf3+ 31. Ke1 Qh1+ 32. Kd2 Qxh2+ 33. Kc1 Qxg3
34. Rd7 b6 35. Kb1 Qh3 36. Qxc6 1-0

[Event "Cracovia 2009"]
[Site "Krakow"]
[Date "2009.12.27"]
[Round "1.35"]
[White "Wcislo, Damian"]
[Black "Andrzejewska, Anna"]
[Result "1-0"]
[WhiteElo "2220"]
[BlackElo "2007"]
[PlyCount "107"]
[EventDate "2009.??.??"]

1. d4 d5 2. c4 e6 3. Nc3 c6 4. g3 Nf6 5. Bg2 Be7 6. Nf3 O-O 7. O-O Nbd7 8. b3
b6 9. Bb2 Bb7 10. Rc1 Rc8 11. Qd3 Qc7 12. Rfe1 Qb8 13. e4 dxe4 14. Nxe4 Nxe4
15. Rxe4 Nf6 16. Re2 Rfd8 17. Qc2 Bf8 18. a3 h6 19. b4 c5 20. dxc5 bxc5 21. b5
Qa8 22. Nh4 Bxg2 23. Nxg2 Rd7 24. Bc3 a6 25. a4 axb5 26. Bxf6 gxf6 27. cxb5 Rd4
28. Ra1 Qa5 29. Ne3 c4 30. Rd1 Rxd1+ 31. Qxd1 f5 32. Ra2 Rd8 33. Qe2 Rc8 34.
Nxc4 Qb4 35. Ne3 Rc1+ 36. Kg2 Re1 37. Qd3 Rc1 38. Rc2 Ra1 39. Rc4 Qe1 40. Qf1
Qxf1+ 41. Nxf1 Bd6 42. Ne3 Kf8 43. Rc6 Bb4 44. Ra6 Bc5 45. b6 Rb1 46. a5 Ke7
47. Ra7+ Kf6 48. Nc4 Rb4 49. Ne3 Rb2 50. Nd1 Rb1 51. Ne3 Rb2 52. Kf1 Rb5 53.
Ke2 Ke5 54. Kd3 1-0

[Event "Cracovia 2009"]
[Site "Krakow"]
[Date "2009.12.27"]
[Round "1.36"]
[White "Tantsiura, Marja"]
[Black "Jagodzinski, Piotr"]
[Result "0-1"]
[WhiteElo "1995"]
[BlackElo "2207"]
[PlyCount "84"]
[EventDate "2009.??.??"]

1. e4 c6 2. d4 d5 3. Nc3 dxe4 4. Nxe4 Nd7 5. Nf3 Ngf6 6. Ng3 e6 7. Bd3 c5 8.
O-O Be7 9. c3 cxd4 10. Nxd4 O-O 11. Qc2 Ne5 12. Be2 Ng6 13. Kh1 Bc5 14. Nb3 Bb6
15. Bg5 h6 16. Rad1 Qe7 17. Bc1 Nd5 18. f4 Bc7 19. Nh5 Rd8 20. Nd4 Nh4 21. c4
Nb4 22. Qb3 g6 23. Ng3 Na6 24. Qc3 Nf5 25. Ne4 Nxd4 26. Rxd4 Rxd4 27. Qxd4 e5
28. fxe5 Bxe5 29. Qe3 Bg7 30. c5 Be6 31. Nd6 Qc7 32. Bxa6 bxa6 33. Qa3 Qc6 34.
Qf3 Bd5 35. Qf2 Bxa2 36. b4 Bd5 37. Bd2 Qd7 38. Qe2 Qh3 39. Rxf7 Be5 40. Rf4
Bxf4 41. Bxf4 Rf8 42. Bd2 Qxg2+ 0-1

[Event "Cracovia 2009"]
[Site "Krakow"]
[Date "2009.12.27"]
[Round "1.37"]
[White "Barski, Radoslaw"]
[Black "Gluszko, Monika"]
[Result "1-0"]
[WhiteElo "2206"]
[BlackElo "1983"]
[PlyCount "95"]
[EventDate "2009.??.??"]

1. e4 c5 2. Nf3 Nc6 3. d4 cxd4 4. Nxd4 Nf6 5. Nc3 d6 6. Bg5 e6 7. Qd2 Be7 8.
O-O-O Nxd4 9. Qxd4 Qa5 10. f4 O-O 11. Bc4 Bd7 12. Bb3 Bc6 13. Rhf1 b5 14. a3
Rfd8 15. f5 e5 16. Qd3 b4 17. axb4 Qxb4 18. Qc4 Qxc4 19. Bxc4 Rd7 20. Bxf6 Bxf6
21. Bd5 Rc8 22. Bxc6 Rxc6 23. Rd3 Rb7 24. Rfd1 Kf8 25. b3 Rbc7 26. Kb2 d5 27.
R1d2 d4 28. Nd5 Rc8 29. c4 Bg5 30. Rd1 Rb8 31. Kc2 Ra6 32. b4 Ra2+ 33. Kb3 Re2
34. Ra1 Rxe4 35. c5 Rh4 36. c6 Rh6 37. c7 Rc8 38. Rxa7 Ke8 39. b5 Rd6 40. Kc4
Kd7 41. Kc5 Bd8 42. b6 Be7 43. b7 Rc6+ 44. Kb5 Rc5+ 45. Ka6 Rc6+ 46. Nb6+ Rxb6+
47. Kxb6 Rxc7 48. b8=N+ 1-0

[Event "Cracovia 2009"]
[Site "Krakow"]
[Date "2009.12.27"]
[Round "1.38"]
[White "Grabowski, Adam"]
[Black "Skawinski, Arkadiusz"]
[Result "0-1"]
[WhiteElo "1924"]
[BlackElo "2206"]
[PlyCount "86"]
[EventDate "2009.??.??"]

1. e4 e6 2. d4 d5 3. Nc3 Bb4 4. e5 c5 5. a3 Bxc3+ 6. bxc3 Ne7 7. h4 Qa5 8. Bd2
Qa4 9. Nf3 b6 10. Rh3 Ba6 11. Bxa6 Nxa6 12. h5 h6 13. g4 Rc8 14. dxc5 Nxc5 15.
Nd4 Nc6 16. Nxc6 Rxc6 17. Re3 Ne4 18. f3 Nxd2 19. Qxd2 Ke7 20. Qd3 Rhc8 21. Rb1
Qxa3 22. Rb3 Qa1+ 23. Kd2 Qg1 24. Re1 Qh2+ 25. Kc1 Rc4 26. Kb2 d4 27. Re2 Qg1
28. cxd4 Qxd4+ 29. Qxd4 Rxd4 30. c3 Rd3 31. c4 Rd4 32. Ra3 a5 33. Rb3 Rcxc4 34.
Rxb6 Rb4+ 35. Rxb4 Rxb4+ 36. Ka3 Kd7 37. Rd2+ Kc6 38. Rd8 Rf4 39. Rg8 Rxf3+ 40.
Ka2 Kd5 41. Rxg7 Kxe5 42. g5 hxg5 43. h6 Kf6 0-1

[Event "Cracovia 2009"]
[Site "Krakow"]
[Date "2009.12.27"]
[Round "1.39"]
[White "Kondopoulos, Dimitrios"]
[Black "Zajac, Mateusz"]
[Result "1-0"]
[WhiteElo "2061"]
[BlackElo "1839"]
[PlyCount "69"]
[EventDate "2009.??.??"]

1. e4 c5 2. Nf3 Nc6 3. d4 cxd4 4. Nxd4 g6 5. c4 Nf6 6. Nc3 d6 7. Be2 Nxd4 8.
Qxd4 Bg7 9. Bg5 O-O 10. O-O Be6 11. Qe3 Qa5 12. Rab1 Qc5 13. Nd5 Bxd5 14. Qxc5
dxc5 15. exd5 Rfe8 16. Bf3 Rad8 17. Rfe1 h6 18. Be3 b6 19. Bf4 g5 20. Bc7 Rc8
21. Be5 Rcd8 22. Bc7 Rc8 23. Be5 Rcd8 24. Re3 Nd7 25. Bxg7 Kxg7 26. Rbe1 Kf8
27. Bd1 Nf6 28. Ba4 Ng8 29. h4 Rd6 30. Bxe8 Kxe8 31. Rg3 Rg6 32. hxg5 hxg5 33.
Re5 f6 34. Re6 Kd7 35. Ra3 1-0

[Event "Cracovia 2009"]
[Site "Krakow"]
[Date "2009.12.28"]
[Round "2.1"]
[White "Gbyl, Andrzej"]
[Black "Zubov, Alexander"]
[Result "0-1"]
[WhiteElo "2270"]
[BlackElo "2581"]
[PlyCount "58"]
[EventDate "2009.??.??"]

1. d4 d5 2. c4 dxc4 3. e3 Be6 4. Na3 c5 5. Bxc4 Bxc4 6. Nxc4 cxd4 7. exd4 e6 8.
Nf3 Bb4+ 9. Bd2 Bxd2+ 10. Qxd2 Nc6 11. O-O Nge7 12. Rfd1 O-O 13. Nce5 Qd5 14.
b3 Rac8 15. Rac1 Rfd8 16. Rc5 Qd6 17. Nc4 Qb8 18. Rh5 Nf5 19. Qg5 Ncxd4 20.
Nxd4 Nxd4 21. Re1 Rd5 22. Qg4 Qf4 23. Qxf4 Ne2+ 24. Kf1 Nxf4 25. Rh4 g5 26. Rg4
h6 27. Rg3 b5 28. Ne5 Rd2 29. Rf3 Rcc2 0-1

[Event "Cracovia 2009"]
[Site "Krakow"]
[Date "2009.12.28"]
[Round "2.2"]
[White "Dziuba, Marcin"]
[Black "Llaneza Vega, Patricia"]
[Result "1-0"]
[WhiteElo "2573"]
[BlackElo "2276"]
[PlyCount "79"]
[EventDate "2009.??.??"]

1. d4 Nf6 2. c4 g6 3. Nc3 Bg7 4. e4 d6 5. Nf3 O-O 6. Be2 Bg4 7. Be3 Nfd7 8. d5
c5 9. O-O Na6 10. h3 Bxf3 11. Bxf3 Nc7 12. Be2 a6 13. a4 Rb8 14. Qd2 Re8 15.
Rad1 b5 16. cxb5 axb5 17. Nxb5 Ra8 18. b3 Na6 19. Na3 Nf6 20. f3 Qb8 21. Bb5
Rc8 22. Rb1 Nc7 23. Bc6 Na6 24. Bxa8 Qxa8 25. Nc4 Rb8 26. Qe2 Nb4 27. Bc1 Nh5
28. Kh2 Qa7 29. Qd2 Nf6 30. Bb2 Qd7 31. Bc3 h5 32. Rbe1 Na6 33. Qb2 Nb4 34. Rd1
Qd8 35. f4 Bh6 36. Nxd6 Qxd6 37. e5 Qc7 38. exf6 Bxf4+ 39. Kh1 Bd6 40. Qf2 1-0

[Event "Cracovia 2009"]
[Site "Krakow"]
[Date "2009.12.28"]
[Round "2.3"]
[White "Sharapov, Evgeny"]
[Black "Kalvaitis, Sigitas"]
[Result "1-0"]
[WhiteElo "2521"]
[BlackElo "2270"]
[PlyCount "177"]
[EventDate "2009.??.??"]

1. e4 e5 2. Nf3 Nf6 3. d4 Nxe4 4. Bd3 d5 5. Nxe5 Bd6 6. O-O O-O 7. c4 c6 8. Nc3
Nxc3 9. bxc3 Nd7 10. Bf4 Qf6 11. Nxd7 Bxd7 12. Bxd6 Qxd6 13. c5 Qf6 14. Rb1 b6
15. cxb6 axb6 16. Rxb6 g6 17. Qb3 Qg5 18. Ra1 Rfe8 19. a4 Qd2 20. Bf1 Kg7 21.
Qb2 Qxb2 22. Rxb2 Ra5 23. Rb7 Bf5 24. Rc7 Rea8 25. Rxc6 Rxa4 26. Rxa4 Rxa4 27.
f3 Ra2 28. Rc5 Rc2 29. Bb5 h5 30. h4 Kf6 31. Bc6 Be6 32. Ba4 Rb2 33. Rb5 Ra2
34. Bb3 Rb2 35. Ba4 Ra2 36. Bb3 Rb2 37. Kh2 Rb1 38. Ba4 Ra1 39. Bb3 Rb1 40. Kg3
Rb2 41. Rb7 Rd2 42. Rc7 Rb2 43. Ba4 Ra2 44. Bb5 Rb2 45. Bc6 Rc2 46. Bb7 Rb2 47.
Kh2 Rb1 48. Kg3 Rb2 49. Ba6 Ra2 50. Rc6 Ke7 51. Bf1 Rc2 52. f4 Kd7 53. Bb5 Ke7
54. Bd3 Rd2 55. Bf1 Kd7 56. Rc5 Kd6 57. Kf3 Rd1 58. Bb5 Rd2 59. Bf1 Rd1 60. Kf2
Rc1 61. Bd3 Rd1 62. Be2 Rh1 63. Kg3 Re1 64. Bf3 Rc1 65. f5 gxf5 66. Kf4 Rb1 67.
Bxh5 Rh1 68. g3 Rf1+ 69. Bf3 Ke7 70. Ke3 Kd6 71. h5 Rb1 72. Ra5 Rb8 73. Ra1 Rc8
74. Kd2 Rg8 75. Rh1 Rxg3 76. h6 Rg8 77. h7 Rh8 78. Ke3 Ke7 79. Kf4 Kf6 80. Rh2
Kg7 81. Ke5 Rxh7 82. Rxh7+ Kxh7 83. Bxd5 Bxd5 84. Kxd5 Kg6 85. c4 Kg5 86. c5 f4
87. Ke4 Kg4 88. c6 f5+ 89. Kd3 1-0

[Event "Cracovia 2009"]
[Site "Krakow"]
[Date "2009.12.28"]
[Round "2.4"]
[White "Toma, Katarzyna"]
[Black "Cyborowski, Lukasz"]
[Result "1/2-1/2"]
[WhiteElo "2233"]
[BlackElo "2517"]
[PlyCount "56"]
[EventDate "2009.??.??"]

1. e4 c5 2. Nf3 e6 3. d4 cxd4 4. Nxd4 Nc6 5. Nxc6 bxc6 6. Bd3 Nf6 7. Nc3 d5 8.
O-O Be7 9. b3 O-O 10. Bb2 c5 11. Qe2 Bb7 12. Rad1 Qc7 13. Nb5 Qd7 14. e5 Ne8
15. Rfe1 a6 16. Nc3 Qc6 17. Qg4 g6 18. Nb1 Ng7 19. Nd2 a5 20. Nf3 a4 21. Bc1
axb3 22. axb3 Qc7 23. Bh6 Rfd8 24. Qf4 Nh5 25. Qg4 Ng7 26. Qf4 Nh5 27. Qg4 Ng7
28. Bg5 Rf8 1/2-1/2

[Event "Cracovia 2009"]
[Site "Krakow"]
[Date "2009.12.28"]
[Round "2.5"]
[White "Shishkin, Vadim"]
[Black "Bartel, Michal"]
[Result "1-0"]
[WhiteElo "2507"]
[BlackElo "2234"]
[PlyCount "53"]
[EventDate "2009.??.??"]

1. d4 Nf6 2. c4 c5 3. d5 e6 4. Nc3 exd5 5. cxd5 d6 6. e4 g6 7. Nge2 Bg7 8. Ng3
a6 9. a4 h5 10. Bd3 Nh7 11. O-O Nd7 12. f4 Ndf6 13. e5 dxe5 14. f5 c4 15. fxg6
cxd3 16. gxh7 Qb6+ 17. Kh1 h4 18. Nge4 Nxe4 19. Nxe4 h3 20. g4 Qg6 21. Qxd3
Bxg4 22. Bg5 f5 23. Qa3 Bf8 24. Nf6+ Kf7 25. Nxg4 Qxg5 26. Nxe5+ Kf6 27. Qxh3
1-0

[Event "Cracovia 2009"]
[Site "Krakow"]
[Date "2009.12.28"]
[Round "2.6"]
[White "Matras-Clement, Agnieszka"]
[Black "Warakomski, Tomasz"]
[Result "0-1"]
[WhiteElo "2231"]
[BlackElo "2485"]
[PlyCount "70"]
[EventDate "2009.??.??"]

1. e4 g6 2. d4 Bg7 3. Nc3 c6 4. Nf3 d6 5. Be3 Nd7 6. Qd2 Qc7 7. Bd3 b5 8. O-O
Ngf6 9. h3 Bb7 10. Rfe1 O-O 11. a4 b4 12. Ne2 c5 13. Ng3 c4 14. Be2 a5 15. e5
c3 16. bxc3 bxc3 17. Qc1 dxe5 18. dxe5 Nxe5 19. Nxe5 Qxe5 20. Rb1 Qc7 21. Bf4
Qc8 22. Be5 Nd5 23. Bxg7 Kxg7 24. Bf3 Nb4 25. Nh5+ Kh8 26. Qh6 gxh5 27. Rxe7
Ra6 28. Qxh5 Bxf3 29. Qxf3 Qc6 30. Qe2 Qxa4 31. Qe5+ Kg8 32. Re1 Rg6 33. Re3
Qxc2 34. Re8 Qd1+ 35. Re1 Qd5 0-1

[Event "Cracovia 2009"]
[Site "Krakow"]
[Date "2009.12.28"]
[Round "2.7"]
[White "Brodowski, Piotr"]
[Black "Wcislo, Damian"]
[Result "1/2-1/2"]
[WhiteElo "2425"]
[BlackElo "2220"]
[PlyCount "85"]
[EventDate "2009.??.??"]

1. c4 b6 2. Nc3 Bb7 3. Nf3 Nf6 4. d3 e6 5. e4 d6 6. g3 Be7 7. Bg2 O-O 8. O-O c5
9. h3 a6 10. Be3 Nbd7 11. Ne1 Qc7 12. f4 d5 13. cxd5 exd5 14. Bf2 d4 15. Ne2
Rac8 16. Rc1 Qb8 17. g4 Rfd8 18. Qb3 Qa8 19. Ng3 b5 20. g5 Ne8 21. Qd1 Nb6 22.
Nf3 g6 23. h4 Bd6 24. Qd2 Ng7 25. b4 Ne6 26. Ne2 cxb4 27. Rxc8 Nxc8 28. Nfxd4
Nc5 29. Qe3 Nb6 30. Nb3 Nba4 31. Na5 Bc7 32. Nxb7 Rxd3 33. Qc1 Qxb7 34. e5 Qb8
35. Nd4 Qf8 36. Nc6 Rc3 37. Qd2 Nd3 38. Bd4 Bb6 39. Bxb6 Nxb6 40. Kh1 Nc4 41.
Qe2 Nc1 42. Qd1 Nd3 43. Qe2 1/2-1/2

[Event "Cracovia 2009"]
[Site "Krakow"]
[Date "2009.12.28"]
[Round "2.8"]
[White "Rutkowski, Maciej"]
[Black "Barski, Radoslaw"]
[Result "1/2-1/2"]
[WhiteElo "2405"]
[BlackElo "2206"]
[PlyCount "53"]
[EventDate "2009.??.??"]

1. d4 Nf6 2. Nf3 c5 3. c4 cxd4 4. Nxd4 e6 5. g3 Nc6 6. Bg2 Qb6 7. Nb3 Ne5 8. c5
Bxc5 9. Nxc5 Qxc5 10. O-O O-O 11. b3 Re8 12. Ba3 Qb6 13. Bd6 Nc6 14. Na3 e5 15.
Qd2 e4 16. Nc2 Ne5 17. Ne3 Neg4 18. Nxg4 Nxg4 19. e3 Qb5 20. Qd4 Nf6 21. f3 Qd5
22. fxe4 Qxd4 23. exd4 Nxe4 24. Bxe4 Rxe4 25. Rae1 Rxe1 26. Rxe1 h6 27. Re7
1/2-1/2

[Event "Cracovia 2009"]
[Site "Krakow"]
[Date "2009.12.28"]
[Round "2.9"]
[White "Khaetsky, Roman"]
[Black "Sowul, Bartosz"]
[Result "1/2-1/2"]
[WhiteElo "2375"]
[BlackElo "2101"]
[PlyCount "105"]
[EventDate "2009.??.??"]

1. e4 c5 2. c3 d5 3. exd5 Qxd5 4. d4 Nf6 5. Nf3 Bg4 6. dxc5 Qxc5 7. Be3 Qc7 8.
h3 Bh5 9. Qa4+ Nc6 10. g4 Bg6 11. Na3 a6 12. Bg2 Nd7 13. Nd4 Nc5 14. Bxc6+ bxc6
15. Qxc6+ Qxc6 16. Nxc6 Be4 17. O-O Nd3 18. Nb4 Nxb2 19. f3 Bg6 20. Rf2 Na4 21.
Nc4 e6 22. Nb6 Nxb6 23. Bxb6 Be7 24. Nc6 Bh4 25. Rb2 O-O 26. Ne5 Rfc8 27. Bd4
Bg3 28. Nxg6 hxg6 29. Rc1 Rc4 30. Rb4 Rac8 31. Rxc4 Rxc4 32. Kf1 Bc7 33. Ke2 e5
34. Be3 e4 35. fxe4 Rxe4 36. Kd3 f5 37. Rb1 Re7 38. Rb7 Kf7 39. Bc5 Rd7+ 40.
Bd4 Ke6 41. Ra7 a5 42. Ra6+ Kf7 43. a4 Bd8 44. Ke3 Re7+ 45. Kf3 Rb7 46. Rd6 Bf6
47. gxf5 gxf5 48. Bxf6 gxf6 49. Kf4 Rc7 50. Rd3 Rc5 51. Rg3 Ke6 52. Re3+ Kf7
53. Rg3 1/2-1/2

[Event "Cracovia 2009"]
[Site "Krakow"]
[Date "2009.12.28"]
[Round "2.10"]
[White "Jagodzinski, Piotr"]
[Black "Fraczek, Daniel"]
[Result "0-1"]
[WhiteElo "2207"]
[BlackElo "2371"]
[PlyCount "70"]
[EventDate "2009.??.??"]

1. Nf3 g6 2. g3 Bg7 3. Bg2 Nf6 4. O-O O-O 5. c4 d6 6. Nc3 e5 7. d3 Nc6 8. Rb1
a5 9. a3 Re8 10. e4 Bg4 11. Ne2 a4 12. Be3 Qd7 13. Qc2 Na5 14. Rfe1 Nb3 15. Nd2
Bxe2 16. Rxe2 Nc5 17. h3 Nh5 18. Kh2 Ne6 19. Rf1 Nhf4 20. gxf4 exf4 21. Nf3
fxe3 22. fxe3 Ra5 23. Ref2 Rf8 24. d4 Rh5 25. Kg1 c5 26. Rd1 cxd4 27. exd4 Nf4
28. Rff1 Nxh3+ 29. Bxh3 Qxh3 30. Qg2 Qe6 31. Qc2 Qg4+ 32. Kf2 Rh3 33. Qe2 Re8
34. e5 dxe5 35. dxe5 Qg3+ 0-1

[Event "Cracovia 2009"]
[Site "Krakow"]
[Date "2009.12.28"]
[Round "2.11"]
[White "Skawinski, Arkadiusz"]
[Black "Dworakowska, Joanna"]
[Result "1-0"]
[WhiteElo "2206"]
[BlackElo "2361"]
[PlyCount "75"]
[EventDate "2009.??.??"]

1. e4 e6 2. d4 d5 3. e5 c5 4. c3 Qb6 5. Nf3 Nc6 6. a3 Bd7 7. b4 cxd4 8. cxd4
Rc8 9. Bb2 Nge7 10. Nc3 Na5 11. Na4 Qc6 12. Nc5 Nc4 13. Qb3 Ng6 14. h4 h5 15.
Rc1 b5 16. Ra1 Be7 17. Bc1 Qc7 18. Bd3 Nf8 19. Bg5 Bxc5 20. bxc5 Bc6 21. O-O
Nd7 22. Rfe1 Rb8 23. Nh2 a5 24. Nf1 Rb7 25. Ng3 Nb8 26. Ne2 Bd7 27. Rad1 Nc6
28. Bb1 a4 29. Qf3 Qa5 30. Nc3 Nxa3 31. Nxd5 Nxb1 32. Nf6+ gxf6 33. Qxf6 Rg8
34. d5 Qd8 35. dxc6 Qxf6 36. cxb7 Rxg5 37. exf6 Rxg2+ 38. Kf1 1-0

[Event "Cracovia 2009"]
[Site "Krakow"]
[Date "2009.12.28"]
[Round "2.12"]
[White "Gosciniak, Maria"]
[Black "Panocki, Adrian"]
[Result "0-1"]
[WhiteElo "2188"]
[BlackElo "2353"]
[PlyCount "127"]
[EventDate "2009.??.??"]

1. g3 Nf6 2. Bg2 g6 3. c4 Bg7 4. Nc3 O-O 5. e3 c6 6. Nge2 d5 7. b3 e5 8. O-O d4
9. exd4 exd4 10. Na4 d3 11. Nec3 Na6 12. Ba3 Re8 13. b4 Nc7 14. Nc5 Ne6 15. Rc1
Nxc5 16. bxc5 Be6 17. Qb3 Rb8 18. Rfe1 Bh6 19. Nb1 Bf5 20. Bb2 Bg7 21. Be5 Qe7
22. Re3 Rbd8 23. Qb2 Be6 24. Bf1 Nh5 25. Bxg7 Nxg7 26. Bxd3 Qxc5 27. Bf1 Nf5
28. Re4 b6 29. d3 Nd4 30. Nd2 Bf5 31. Ree1 Qd6 32. Qb1 c5 33. Rcd1 Nc6 34. Ne4
Bxe4 35. dxe4 Nd4 36. Bg2 Qc6 37. Qd3 Qa4 38. a3 Ne6 39. Qf3 Qxc4 40. Qf6 Qa4
41. Rd5 Qc6 42. Red1 Qc7 43. h4 Nd4 44. h5 Rxd5 45. exd5 Qe5 46. Qxe5 Rxe5 47.
h6 Kf8 48. f4 Re3 49. d6 Ke8 50. Kf2 Re2+ 51. Kf1 Re6 52. d7+ Kxd7 53. Bh3 f5
54. g4 Re4 55. gxf5 Rxf4+ 56. Kg2 g5 57. f6+ Kd6 58. Rf1 c4 59. a4 c3 60. Rc1
g4 61. Rxc3 gxh3+ 62. Rxh3 Rxf6 63. Rh4 Nf5 64. Rh5 0-1

[Event "Cracovia 2009"]
[Site "Krakow"]
[Date "2009.12.28"]
[Round "2.13"]
[White "Jussupow, Nadia"]
[Black "Krzyzanowski, Marcin"]
[Result "0-1"]
[WhiteElo "2178"]
[BlackElo "2333"]
[PlyCount "60"]
[EventDate "2009.??.??"]

1. d4 d5 2. Nf3 Nf6 3. e3 c5 4. b3 g6 5. Bb2 cxd4 6. exd4 Bg7 7. Bd3 O-O 8. O-O
Nc6 9. a3 Nh5 10. Ne5 Nf4 11. Bb5 Qc7 12. Bxc6 bxc6 13. Qf3 Ne6 14. Re1 Rb8 15.
Nd2 c5 16. dxc5 Qxc5 17. c4 dxc4 18. Ndxc4 Bb7 19. Qg3 Rbd8 20. Rad1 Rxd1 21.
Rxd1 Rd8 22. Rxd8+ Nxd8 23. h4 Qd5 24. h5 Qd1+ 25. Kh2 Qxh5+ 26. Kg1 Qd1+ 27.
Kh2 Qd5 28. b4 Bh6 29. Ne3 Qe4 30. N5g4 Bf4 0-1

[Event "Cracovia 2009"]
[Site "Krakow"]
[Date "2009.12.28"]
[Round "2.14"]
[White "Baumann, Dariusz"]
[Black "Vlcek, Stanislav"]
[Result "1/2-1/2"]
[WhiteElo "2085"]
[BlackElo "2286"]
[PlyCount "81"]
[EventDate "2009.??.??"]

1. d4 Nf6 2. c4 g6 3. Nc3 Bg7 4. e4 d6 5. Nf3 O-O 6. h3 e5 7. d5 Na6 8. Bg5 h6
9. Be3 Nc5 10. Nd2 a5 11. g4 c6 12. Be2 Bd7 13. h4 Nh7 14. Qc2 Rc8 15. Nf1 cxd5
16. Nxd5 Ba4 17. b3 Bc6 18. Ng3 Ne6 19. Qd2 Bxd5 20. exd5 Nf4 21. Kf1 f5 22.
gxf5 gxf5 23. Bd1 a4 24. Bc2 Qd7 25. Re1 axb3 26. axb3 Ng2 27. Kxg2 f4 28. Qd3
Nf6 29. Qg6 fxe3 30. Bf5 Qe8 31. Be6+ Kh8 32. Qxe8 Rcxe8 33. Rxe3 Ra8 34. Rf1
Ne8 35. Ne4 Rf4 36. h5 Bf8 37. Rfe1 Ng7 38. Rg3 Kh7 39. Ree3 Be7 40. Rh3 Ra2
41. Rh1 1/2-1/2

[Event "Cracovia 2009"]
[Site "Krakow"]
[Date "2009.12.28"]
[Round "2.15"]
[White "Kaim, Piotr"]
[Black "Kondopoulos, Dimitrios"]
[Result "1-0"]
[WhiteElo "2284"]
[BlackElo "2061"]
[PlyCount "53"]
[EventDate "2009.??.??"]

1. Nf3 d5 2. d4 Nc6 3. Bf4 Bg4 4. e3 e6 5. c4 Bd6 6. Bg3 Nf6 7. Nc3 O-O 8. cxd5
exd5 9. Be2 Re8 10. O-O Ne4 11. Qb3 Bxf3 12. Bxf3 Nd2 13. Qxb7 Nb4 14. Rfd1
Nxf3+ 15. gxf3 Qd7 16. Qb5 Qe6 17. Rac1 Rab8 18. Qe2 Rb6 19. a3 Nc6 20. Na4
Bxg3 21. hxg3 Rbb8 22. Kg2 Qd6 23. Qc2 Re6 24. Nc5 Rg6 25. Nd3 Re8 26. Nf4 Rg5
27. Qxc6 1-0

[Event "Cracovia 2009"]
[Site "Krakow"]
[Date "2009.12.28"]
[Round "2.16"]
[White "Czarnota, Pawel"]
[Black "Goslawski, Michal"]
[Result "1-0"]
[WhiteElo "2528"]
[BlackElo "2021"]
[PlyCount "90"]
[EventDate "2009.??.??"]

1. d4 g6 2. e4 Bg7 3. Nf3 c5 4. dxc5 Qa5+ 5. c3 Qxc5 6. Na3 d6 7. Nb5 b6 8. Be3
Qc6 9. Qb3 Be6 10. Qa4 Kf8 11. Nfd4 Bxd4 12. Qxd4 Nf6 13. f3 h5 14. Qd2 Qb7 15.
Nd4 Bd7 16. Be2 Nc6 17. O-O Rd8 18. c4 Kg7 19. Rfd1 Nxd4 20. Bxd4 e5 21. Be3
Be6 22. Qb4 Qc7 23. a4 Rd7 24. a5 bxa5 25. Rxa5 Rb8 26. Rb5 Rdd8 27. Ra1 Rxb5
28. cxb5 d5 29. Bxa7 Qc2 30. Bd1 Qd3 31. Bb3 Rd7 32. b6 dxe4 33. b7 Rxb7 34.
Qxb7 Bxb3 35. fxe4 Nxe4 36. Re1 Bd5 37. Qe7 Qd2 38. Qxe5+ Kh7 39. Rxe4 Bxe4 40.
Qxe4 Qc1+ 41. Kf2 Qxb2+ 42. Kg3 Qa3+ 43. Be3 Qd6+ 44. Qf4 Qe7 45. h3 f6 1-0

[Event "Cracovia 2009"]
[Site "Krakow"]
[Date "2009.12.29"]
[Round "2.17"]
[White "Bebchuk, Leonid"]
[Black "Jerez Perez, Alfonso"]
[Result "0-1"]
[WhiteElo "2151"]
[BlackElo "2406"]
[PlyCount "140"]
[EventDate "2009.??.??"]

1. e4 c5 2. Nf3 d6 3. Bb5+ Bd7 4. Bxd7+ Qxd7 5. c4 Nc6 6. O-O g6 7. d4 cxd4 8.
Nxd4 Bg7 9. Be3 Nf6 10. f3 O-O 11. Nc3 Rac8 12. b3 a6 13. Qd2 Nxd4 14. Bxd4 b5
15. Nd5 Nxd5 16. cxd5 Rc2 17. Qxc2 Bxd4+ 18. Kh1 Bxa1 19. Rxa1 Rc8 20. Qf2 Qc7
21. h3 Qc3 22. Rd1 Qc2 23. Qd2 Rc5 24. Kg1 a5 25. Kf1 a4 26. Qxc2 Rxc2 27. bxa4
bxa4 28. a3 Rc3 29. Rd4 Rxa3 30. Kf2 Kg7 31. Rb4 Ra2+ 32. Kg3 g5 33. f4 gxf4+
34. Kxf4 Ra1 35. Kg5 h6+ 36. Kh5 a3 37. Ra4 Re1 38. Rxa3 Rxe4 39. Rg3+ Kh7 40.
Rd3 Re5+ 41. Kh4 Kg6 42. g4 Re4 43. Kg3 h5 44. Kf3 Re5 45. Rd4 hxg4+ 46. Kxg4
f5+ 47. Kg3 Kf6 48. h4 Re3+ 49. Kf2 Ra3 50. Kg2 Rb3 51. Rd1 Rb4 52. Kg3 Rg4+
53. Kh3 Re4 54. Kg3 Kg6 55. Ra1 Rg4+ 56. Kh3 Rd4 57. Ra7 Kf6 58. Ra5 Rd3+ 59.
Kg2 f4 60. Kh2 Kf5 61. Ra7 Re3 62. Ra8 Re5 63. Re8 Kg4 64. Kg2 Re2+ 65. Kf1 Kf3
66. h5 Rh2 67. Kg1 Rxh5 68. Rxe7 Rxd5 69. Ra7 Rd3 70. Ra8 d5 0-1

[Event "Cracovia 2009"]
[Site "Krakow"]
[Date "2009.12.28"]
[Round "2.18"]
[White "Jussupow, Ekaterina"]
[Black "Rudolf, Michal"]
[Result "1-0"]
[WhiteElo "2153"]
[BlackElo "2381"]
[PlyCount "59"]
[EventDate "2009.??.??"]

1. e4 c5 2. Na3 g6 3. c3 Bg7 4. g3 Nc6 5. Bg2 e6 6. d3 Nge7 7. Bf4 d6 8. Ne2
Rb8 9. Qd2 b5 10. Bh6 O-O 11. h4 Ne5 12. Bxg7 Kxg7 13. h5 Ng8 14. d4 b4 15. Nc2
Nc4 16. Qc1 bxc3 17. bxc3 cxd4 18. Ncxd4 Rb2 19. Nb3 e5 20. Bf1 f5 21. hxg6
hxg6 22. Nf4 Qb6 23. Nh5+ gxh5 24. Qg5+ Kf7 25. Bxc4+ Ke8 26. Qxh5+ Kd8 27.
Qg5+ Ne7 28. O-O-O Rxf2 29. Rh6 Bd7 30. Rhxd6 1-0